European Countries By GDP - In Order - Statistics

General Stats
  • This quiz has been taken 165 times
  • The average score is 42 of 44
Answer Stats
GDP # Country % Correct
3,19 tri F France
100%
4,02 tri G Germany
100%
2,91 tri U United Kingdom
100%
522,1 bi I Ireland
99%
1,88 tri I Italy
99%
716,3 bi P Poland
99%
1,79 tri R Russia
99%
1,38 tri S Spain
99%
627,4 bi S Sweden
99%
589,4 bi B Belgium
98%
397,1 bi D Denmark
98%
1,01 tri N Netherlands
98%
807,4 bi S Switzerland
98%
468,0 bi A Austria
97%
184,6 bi H Hungary
97%
482,4 bi N Norway
97%
299,8 bi R Romania
97%
281,4 bi F Finland
96%
222,1 bi G Greece
96%
68,0 bi L Lithuania
96%
249,5 bi P Portugal
96%
79,7 bi B Belarus
95%
67,8 bi C Croatia
95%
296,2 bi C Czech Republic
95%
114,1 bi S Slovakia
95%
62,1 bi S Slovenia
95%
130,2 bi U Ukraine
95%
18,2 bi A Albania
94%
85,1 bi B Bulgaria
94%
39,5 bi E Estonia
94%
86,7 bi L Luxembourg
94%
63,0 bi S Serbia
94%
38,8 bi L Latvia
93%
27,7 bi I Iceland
92%
23,6 bi B Bosnia and Herzegovina
91%
17,1 bi M Malta
91%
14,1 bi N North Macedonia
91%
1,5 bi S San Marino
91%
3,3 bi A Andorra
90%
9,2 bi K Kosovo
90%
6,8 bi L Liechtenstein
90%
6,5 bi M Monaco
88%
14,0 bi M Moldova
86%
6,1 bi M Montenegro
84%
No matching quizzes found
Score Distribution
Percent of People with Each Score
Percentile by Number Answered
Your Score History
You have not taken this quiz